Position and Development of Small and Medium Enterprises in European Countries
Saved in:
| Main Author: | |
|---|---|
| Other Authors: | , |
| Format: | Book Chapter |
| Language: | English |
| Tags: |
No Tags, Be the first to tag this record!
|
MARC
| LEADER | 00000naa$a2200000$$$4500 | ||
|---|---|---|---|
| 001 | 0306151 | ||
| 005 | 20250516110025.1 | ||
| 041 | 0 | |a eng | |
| 044 | |a IT | ||
| 245 | 1 | 0 | |a Position and Development of Small and Medium Enterprises in European Countries |c Mária Janošková, Katarína Čulková, Adriana Csikósová |
| 100 | 1 | |a Janošková, Mária, 1965- | |
| 700 | 1 | |a Čulková, Katarína | |
| 700 | 1 | |a Csikósová, Adriana | |